[Event "Pozarevac-ch"]
[Site "Pozarevac"]
[Date "2014.12.27"]
[Round "3"]
[White "Martinovic, Slobodan"]
[Black "Injac, Teodora"]
[Result "1-0"]
[WhiteElo "2381"]
[BlackElo "2089"]
[PlyCount "73"]
[EventDate "2014.12.26"]
[EventType "swiss"]
[EventRounds "5"]
[EventCountry "SRB"]
[SourceTitle "CBM 164 Extra"]
[Source "ChessBase"]
[SourceDate "2015.03.02"]
[SourceVersion "1"]
[SourceVersionDate "2015.03.02"]
[SourceQuality "1"]

1. Nf3 Nf6 2. c4 g6 3. b3 Bg7 4. Bb2 0-0 5. g3 d6 6. Bg2 e5 7. d3 Nbd7 8. 0-0 c6 9. Qc2 Re8 10. Nc3 a6 11. Ne4 Bf8 12. Nxf6+ Qxf6 13. b4 Bg7 14. a4 d5 15. b5 d4 16. bxc6 bxc6 17. Ba3 Rb8 18. Rab1 Rxb1 19. Rxb1 c5 20. Nd2 Bf8 21. a5 Qd8 22. Qa4 Qc7 23. Bc1 f5 24. h4 Nf6 25. Rb6 Re6 26. Qb3 Be7 27. Bd5 Nxd5 28. cxd5 Rd6 29. Nc4 Rxd5 30. Ne3 dxe3 31. Qxd5+ Kg7 32. Bxe3 f4 33. Bd2 fxg3 34. fxg3 c4 35. Be3 e4 36. Qd4+ Kg8 37. Qxc4+ 1-0

[Event "SRB-chT"]
[Site "Palic"]
[Date "2014.08.30"]
[Round "1.2"]
[White "Martinovic, Slobodan"]
[Black "Cabarkapa, Novak"]
[Result "1/2-1/2"]
[WhiteElo "2386"]
[BlackElo "2372"]
[PlyCount "84"]
[EventDate "2014.08.30"]
[EventType "team-tourn"]
[EventRounds "11"]
[EventCountry "SRB"]
[SourceTitle "CBM 162 Extra"]
[Source "ChessBase"]
[SourceDate "2014.10.17"]
[SourceVersion "1"]
[SourceVersionDate "2014.10.17"]
[SourceQuality "1"]
[WhiteTeam "Belgrade Crvena Zvezda"]
[BlackTeam "Subotica Spartak"]
[WhiteTeamCountry "SRB"]
[BlackTeamCountry "SRB"]

1. Nf3 Nf6 2. g3 g6 3. b3 Bg7 4. Bb2 0-0 5. Bg2 d6 6. d4 c6 7. Nbd2 Nbd7 8. 0-0 Qc7 9. e4 Rd8 10. Qe2 e5 11. dxe5 dxe5 12. Nc4 Ne8 13. a4 b6 14. Rfd1 Ba6 15. Bf1 f6 16. Qe1 Nf8 17. h4 Ne6 18. h5 Rxd1 19. Rxd1 Rd8 20. hxg6 hxg6 21. Nh4 Kh7 22. Ne3 Rxd1 23. Qxd1 Bxf1 24. Kxf1 Qf7 25. Qg4 Bh6 26. Neg2 Nd6 27. Qe2 Ng5 28. f3 Qd7 29. Qd3 Ngf7 30. Kf2 Bg5 31. Ba3 c5 32. Qd5 Kg7 33. Bb2 Qh3 34. Bc3 Bxh4 35. Nxh4 Qh2+ 36. Ng2 Ng5 37. Qxd6 Nh3+ 38. Ke1 Qxg3+ 39. Kd1 Qxf3+ 40. Kc1 Qxc3 41. Qe7+ Kh6 42. Qxf6 Qa1+ 1/2-1/2

[Event "CRO-chT2 East"]
[Site "Croatia"]
[Date "2014.04.26"]
[Round "2.41"]
[White "Martinovic, Slobodan"]
[Black "Sulc, Damir"]
[Result "1/2-1/2"]
[WhiteElo "2379"]
[BlackElo "2224"]
[PlyCount "60"]
[EventDate "2014.04.26"]
[EventType "team-tourn"]
[EventRounds "11"]
[EventCountry "CRO"]
[SourceTitle "EXT 2019"]
[Source "ChessBase"]
[SourceDate "2018.10.10"]
[SourceVersion "1"]
[SourceVersionDate "2018.10.10"]
[SourceQuality "1"]

1. Nf3 Nf6 2. c4 c5 3. Nc3 e6 4. g3 b6 5. Bg2 Bb7 6. 0-0 Be7 7. d4 cxd4 8. Qxd4 d6 9. Rd1 a6 10. e4 Nbd7 11. Qe3 Qc7 12. b3 0-0 13. Bb2 Rfe8 14. Rac1 Rac8 15. Nd4 Bf8 16. h3 Qb8 17. Re1 g6 18. Rcd1 Bg7 19. Qd2 Nc5 20. Kh2 Qa8 21. f3 Red8 22. Re2 Qb8 23. Qe1 Nh5 24. Re3 Bh6 25. Re2 Bg7 26. Re3 Bh6 27. Re2 Bg7 28. Re3 Bh6 29. Re2 Bg7 30. Re3 Bh6 1/2-1/2

[Event "CRO-chT2 East"]
[Site "Croatia"]
[Date "2014.04.26"]
[Round "1.31"]
[White "Mesko, Damir"]
[Black "Martinovic, Slobodan"]
[Result "0-1"]
[WhiteElo "2118"]
[BlackElo "2379"]
[PlyCount "132"]
[EventDate "2014.04.26"]
[EventType "team-tourn"]
[EventRounds "11"]
[EventCountry "CRO"]
[SourceTitle "EXT 2019"]
[Source "ChessBase"]
[SourceDate "2018.10.10"]
[SourceVersion "1"]
[SourceVersionDate "2018.10.10"]
[SourceQuality "1"]

1. e4 c5 2. Nf3 e6 3. Be2 Nf6 4. d3 Nc6 5. 0-0 d6 6. Bg5 Be7 7. c4 0-0 8. Nc3 h6 9. Bf4 Ng4 10. h3 Nge5 11. Nxe5 Nxe5 12. Bh2 Bf6 13. Qd2 a6 14. Rac1 Rb8 15. Bd1 b5 16. b3 Qa5 17. Rc2 Qd8 18. Ne2 Nc6 19. Kh1 Bb7 20. f3 Qe7 21. Bg1 bxc4 22. Rxc4 a5 23. Rc1 Ba6 24. Bc2 Rfc8 25. Rfd1 Qb7 26. Bb1 Qb4 27. Be3 Qxd2 28. Bxd2 Nb4 29. Bc3 Bxc3 30. Nxc3 Nc6 31. Rd2 Kf8 32. Kg1 Rb4 33. Kf2 Ke7 34. Bc2 g5 35. Rh1 Nd4 36. Bd1 Rbb8 37. g3 Bb7 38. h4 Bc6 39. hxg5 hxg5 40. Rh5 Kf6 41. Ke3 Rg8 42. Rdh2 Ke7 43. Rh7 e5 44. Ne2 Nxe2 45. Rxe2 Bd7 46. Rf2 Be6 47. Kd2 Rh8 48. Rfh2 Rxh7 49. Rxh7 Kf6 50. Rh2 Kg6 51. Rf2 Rh8 52. Kc3 Rh1 53. Rd2 f5 54. exf5+ Kxf5 55. Bc2 Kf6 56. Rf2 Rg1 57. g4 Bd5 58. Kd2 Ra1 59. a4 Ke6 60. Kc3 Rh1 61. Kd2 Bc6 62. Kc3 Kd5 63. Kd2 Kd4 64. Bd1 Bd5 65. Rg2 Rxd1+ 66. Kxd1 Bxf3+ 0-1

[Event "Pozarevac City-chA"]
[Site "Pozarevac"]
[Date "2013.12.29"]
[Round "5"]
[White "Rajkovic, Dusan"]
[Black "Martinovic, Slobodan"]
[Result "1/2-1/2"]
[WhiteElo "2389"]
[BlackElo "2375"]
[PlyCount "21"]
[EventDate "2013.12.27"]
[EventType "swiss"]
[EventRounds "5"]
[EventCountry "SRB"]
[SourceTitle "CBM 158 Extra"]
[Source "ChessBase"]
[SourceDate "2014.02.28"]
[SourceVersion "1"]
[SourceVersionDate "2014.02.28"]
[SourceQuality "1"]

1. d4 d5 2. c4 e6 3. Nc3 Nf6 4. Bg5 Be7 5. e3 h6 6. Bh4 0-0 7. Nf3 b6 8. Rc1 Bb7 9. Bxf6 Bxf6 10. cxd5 exd5 11. b4 1/2-1/2

[Event "Pozarevac City-chA"]
[Site "Pozarevac"]
[Date "2013.12.28"]
[Round "2"]
[White "Martinovic, Slobodan"]
[Black "Nenezic, Marko"]
[Result "1/2-1/2"]
[WhiteElo "2375"]
[BlackElo "2417"]
[PlyCount "100"]
[EventDate "2013.12.27"]
[EventType "swiss"]
[EventRounds "5"]
[EventCountry "SRB"]
[SourceTitle "CBM 158 Extra"]
[Source "ChessBase"]
[SourceDate "2014.02.28"]
[SourceVersion "1"]
[SourceVersionDate "2014.02.28"]
[SourceQuality "1"]

1. d4 Nf6 2. c4 g6 3. Nc3 Bg7 4. e4 d6 5. Bd3 0-0 6. Bg5 Nc6 7. d5 Ne5 8. Be2 c6 9. Nf3 h6 10. Bd2 Nxf3+ 11. Bxf3 cxd5 12. exd5 Bf5 13. g4 Bd7 14. h4 e6 15. g5 hxg5 16. hxg5 Nh7 17. Rg1 Re8 18. Kf1 Rc8 19. b3 exd5 20. Nxd5 b5 21. Rc1 bxc4 22. bxc4 Bh3+ 23. Bg2 Bf5 24. Rh1 Rxc4 25. Rxc4 Bd3+ 26. Kg1 Bxc4 27. Qg4 Bxd5 28. Bxd5 Nf8 29. Qc4 Ne6 30. Qh4 Qb6 31. Kg2 Qc5 32. Qc4 Qxc4 33. Bxc4 Rc8 34. Bb3 Nd4 35. Be3 Nxb3 36. axb3 a6 37. Rd1 Rc6 38. Kf3 Kf8 39. Ke4 Ke7 40. Kd5 Rc3 41. b4 Rb3 42. Bf4 Be5 43. Bxe5 dxe5 44. Ra1 Rxb4 45. Rxa6 Rf4 46. Kxe5 Rxf2 47. Rf6 Rxf6 48. gxf6+ Ke8 49. Kd6 Kd8 50. Kc6 Kc8 1/2-1/2

[Event "Belgrade-chT"]
[Site "Belgrade"]
[Date "2013.10.21"]
[Round "10.1"]
[White "Martinovic, Slobodan"]
[Black "Cetkovic, Miodrag"]
[Result "1-0"]
[WhiteElo "2393"]
[BlackElo "2174"]
[PlyCount "67"]
[EventDate "2013.10.12"]
[EventType "team-tourn"]
[EventRounds "11"]
[EventCountry "SRB"]
[SourceTitle "EXT 2014"]
[Source "ChessBase"]
[SourceDate "2013.11.20"]
[SourceVersion "1"]
[SourceVersionDate "2013.11.20"]
[SourceQuality "1"]
[WhiteTeam "Crvena Zvezda"]
[BlackTeam "Belgrade Radnicki"]
[WhiteTeamCountry "SRB"]
[BlackTeamCountry "SRB"]

1. Nf3 f5 2. d3 d6 3. e4 e5 4. Nc3 Nf6 5. exf5 Bxf5 6. d4 Nc6 7. Be3 exd4 8. Nxd4 Nxd4 9. Bxd4 Be7 10. Bd3 Bxd3 11. Qxd3 0-0 12. 0-0-0 c6 13. Rhe1 Rf7 14. Re6 Qd7 15. Rde1 d5 16. f3 b6 17. Qd2 Kf8 18. a3 Ne8 19. Qd3 Kg8 20. Bf2 Nc7 21. R6e2 Bd6 22. Bg3 Raf8 23. Kb1 Qd8 24. Nd1 Qd7 25. Nf2 Bxg3 26. hxg3 Qf5 27. Qd2 c5 28. Ng4 Rd8 29. Ne5 Re7 30. Nc6 Rxe2 31. Qxe2 Qd7 32. Nxd8 Qxd8 33. Qe7 Qc8 34. Qd6 1-0

[Event "Vojvodina-ch 4th"]
[Site "Novi Sad"]
[Date "2013.07.04"]
[Round "9"]
[White "Kokeza, Mirko"]
[Black "Martinovic, Slobodan"]
[Result "1-0"]
[WhiteElo "2315"]
[BlackElo "2417"]
[PlyCount "68"]
[EventDate "2013.06.28"]
[EventType "swiss"]
[EventRounds "9"]
[EventCountry "SRB"]
[SourceTitle "CBM 155 Extra"]
[Source "ChessBase"]
[SourceDate "2013.08.26"]
[SourceVersion "1"]
[SourceVersionDate "2013.08.26"]
[SourceQuality "1"]

1. d4 Nf6 2. Nf3 g6 3. c4 Bg7 4. Nc3 0-0 5. Bg5 c5 6. g3 cxd4 7. Nxd4 Nc6 8. Nb3 d6 9. Bg2 a5 10. Rc1 a4 11. Nd4 Qa5 12. Nxc6 bxc6 13. Bxc6 Rb8 14. Bxf6 Bxf6 15. Qxa4 Qe5 16. b4 Bh3 17. Nd5 Bg7 18. f4 Qb2 19. Kf2 e6 20. Rc2 Qd4+ 21. Ne3 Qb6 22. c5 Qc7 23. cxd6 Qxd6 24. b5 Qd8 25. Rd1 Qf6 26. Qe4 Bf5 27. Nxf5 gxf5 28. Qc4 Rfd8 29. Rcd2 Rxd2 30. Rxd2 Qa1 31. Rd3 Bf6 32. Kg2 Qb2 33. a4 Rd8 34. Rxd8+ Bxd8 1-0

[Event "Vojvodina-ch 4th"]
[Site "Novi Sad"]
[Date "2013.06.30"]
[Round "5"]
[White "Arsic, Djordje"]
[Black "Martinovic, Slobodan"]
[Result "0-1"]
[WhiteElo "2040"]
[BlackElo "2417"]
[PlyCount "88"]
[EventDate "2013.06.28"]
[EventType "swiss"]
[EventRounds "9"]
[EventCountry "SRB"]
[SourceTitle "CBM 155 Extra"]
[Source "ChessBase"]
[SourceDate "2013.08.26"]
[SourceVersion "1"]
[SourceVersionDate "2013.08.26"]
[SourceQuality "1"]

1. e4 c5 2. Nf3 d6 3. d4 cxd4 4. Nxd4 Nf6 5. Nc3 Nc6 6. f3 e5 7. Nb3 Be7 8. Be3 0-0 9. Qd2 a5 10. Bb5 Na7 11. Bd3 Bd7 12. Qf2 Nc8 13. a4 Bc6 14. Rd1 Nh5 15. h4 g6 16. g4 Nf4 17. Kd2 Nxd3 18. Kxd3 d5 19. exd5 Bxd5 20. Ke2 Bc4+ 21. Ke1 Qc7 22. Nd5 Bxd5 23. Rxd5 Bb4+ 24. Kf1 Qc4+ 25. Rd3 f5 26. gxf5 Rxf5 27. Kg2 Ne7 28. Rhd1 Nc6 29. Rd7 Be7 30. Rh1 Raf8 31. Rh3 Rxf3 32. Rxf3 Qg4+ 33. Qg3 Qxd7 34. Rxf8+ Bxf8 35. h5 Qf5 36. hxg6 Qxc2+ 37. Qf2 Qxg6+ 38. Qg3 Kf7 39. Qxg6+ Kxg6 40. Nd2 Kf5 41. Kf3 e4+ 42. Kf2 Ne5 43. Ke2 Bb4 44. Nb3 Nc6 0-1

[Event "Srebrno Jezero op-A 7th"]
[Site "Srebrno Jezero"]
[Date "2013.06.20"]
[Round "9"]
[White "Martinovic, Slobodan"]
[Black "Stojanovic, Andjelija"]
[Result "1/2-1/2"]
[WhiteElo "2417"]
[BlackElo "2286"]
[PlyCount "20"]
[EventDate "2013.06.14"]
[EventType "swiss"]
[EventRounds "9"]
[EventCountry "SRB"]
[SourceTitle "CBM 155 Extra"]
[Source "ChessBase"]
[SourceDate "2013.08.26"]
[SourceVersion "1"]
[SourceVersionDate "2013.08.26"]
[SourceQuality "1"]

1. e4 c5 2. Nf3 Nc6 3. Bb5 g6 4. Bxc6 dxc6 5. d3 Bg7 6. h3 e5 7. Be3 b6 8. 0-0 Ne7 9. Nh2 0-0 10. Nc3 Be6 1/2-1/2

[Event "Srebrno Jezero op-A 7th"]
[Site "Srebrno Jezero"]
[Date "2013.06.18"]
[Round "7"]
[White "Martinovic, Slobodan"]
[Black "Certic, Branimir"]
[Result "1/2-1/2"]
[WhiteElo "2417"]
[BlackElo "2392"]
[PlyCount "108"]
[EventDate "2013.06.14"]
[EventType "swiss"]
[EventRounds "9"]
[EventCountry "SRB"]
[SourceTitle "CBM 155 Extra"]
[Source "ChessBase"]
[SourceDate "2013.08.26"]
[SourceVersion "1"]
[SourceVersionDate "2013.08.26"]
[SourceQuality "1"]

1. Nf3 d5 2. d4 Bf5 3. c3 c6 4. Bf4 Nd7 5. Nbd2 e6 6. e3 Be7 7. h3 h6 8. Be2 Ngf6 9. a4 a5 10. Qb3 Qb6 11. Qxb6 Nxb6 12. Ne5 Bc2 13. b3 0-0 14. Nd3 Rfc8 15. Ra2 Bxd3 16. Bxd3 c5 17. dxc5 Rxc5 18. Nb1 Nfd7 19. Kd2 Rd8 20. Rc1 Rcc8 21. f3 e5 22. Bg3 e4 23. Be2 Nc5 24. Rb2 Bf6 25. Na3 Nbd7 26. f4 Nd3 27. Bxd3 exd3 28. Kxd3 Nc5+ 29. Ke2 Ne4 30. Be1 Nxc3+ 31. Bxc3 Rxc3 32. Rxc3 Bxc3 33. Rc2 d4 34. exd4 Bxd4 35. Nc4 b6 36. Kf3 Bg1 37. Rd2 Rxd2 38. Nxd2 f5 39. g4 g6 40. gxf5 gxf5 41. Nc4 Kf7 42. Kg3 Kg6 43. Kf3 Kf6 44. Ke2 Ke6 45. Kd3 Kd5 46. Nd2 Bd4 47. Nf1 Bc5 48. Ng3 Ke6 49. Kc4 Be3 50. Ne2 Kd6 51. Kd3 Bf2 52. Kc4 Ke6 53. Nc3 Be3 54. Ne2 Bf2 1/2-1/2

[Event "Srebrno Jezero op-A 7th"]
[Site "Srebrno Jezero"]
[Date "2013.06.15"]
[Round "2"]
[White "Martinovic, Slobodan"]
[Black "Markovic, Zoran S"]
[Result "0-1"]
[WhiteElo "2417"]
[BlackElo "2372"]
[PlyCount "66"]
[EventDate "2013.06.14"]
[EventType "swiss"]
[EventRounds "9"]
[EventCountry "SRB"]
[SourceTitle "CBM 155 Extra"]
[Source "ChessBase"]
[SourceDate "2013.08.26"]
[SourceVersion "1"]
[SourceVersionDate "2013.08.26"]
[SourceQuality "1"]

1. c4 e6 2. Nf3 d5 3. d4 Nf6 4. Nc3 Be7 5. cxd5 exd5 6. Bg5 0-0 7. Qc2 c6 8. e3 Nbd7 9. Bd3 Re8 10. 0-0 Nf8 11. h3 g6 12. Bf4 Nh5 13. Bh2 Bd6 14. Bxd6 Qxd6 15. Rfe1 Qf6 16. Ne5 Nd7 17. Ng4 Qd6 18. Rad1 f5 19. Nh2 Nhf6 20. a3 Ne4 21. b4 a5 22. Qb3 axb4 23. axb4 Nxf2 24. Kxf2 Qxh2 25. Ne2 Qd6 26. Ra1 Rxa1 27. Rxa1 Qe7 28. Bc2 Nb6 29. Re1 Qh4+ 30. g3 Qxh3 31. Nf4 Qh2+ 32. Ng2 Nc4 33. Qc3 Nd6 0-1

[Event "Gligoric Cup 1st"]
[Site "Banja Koviljaca"]
[Date "2013.05.25"]
[Round "6.1"]
[White "Martinovic, Slobodan"]
[Black "Vuckovic, Bojan"]
[Result "0-1"]
[WhiteElo "2425"]
[BlackElo "2600"]
[PlyCount "88"]
[EventDate "2013.05.20"]
[EventType "team-swiss"]
[EventRounds "7"]
[EventCountry "SRB"]
[SourceTitle "CBM 154 Extra"]
[Source "ChessBase"]
[SourceDate "2013.06.25"]
[SourceVersion "2"]
[SourceVersionDate "2013.06.25"]
[SourceQuality "1"]
[WhiteTeam "Belgrade Crvena Zvezda"]
[BlackTeam "Novi Sad DDOR"]
[WhiteTeamCountry "SRB"]
[BlackTeamCountry "SRB"]

1. Nf3 Nf6 2. c4 g6 3. Nc3 d5 4. cxd5 Nxd5 5. Qa4+ Bd7 6. Qh4 Nf6 7. e4 Bg7 8. d4 h6 9. h3 Nc6 10. Be3 e6 11. 0-0-0 Qe7 12. g4 0-0-0 13. Qg3 Kb8 14. Bd3 Bc8 15. Rhe1 Nd7 16. Bb5 Na5 17. Re2 Nb6 18. Rc2 Ka8 19. b3 a6 20. Be2 Nc6 21. Kb1 g5 22. Rcc1 f5 23. gxf5 exf5 24. exf5 Bxf5+ 25. Bd3 Bxd3+ 26. Rxd3 Nb4 27. Rd2 N4d5 28. Nxd5 Nxd5 29. Ne5 Nxe3 30. Qxe3 Bxe5 31. dxe5 Rxd2 32. Qxd2 Qxe5 33. Qc3 Qf5+ 34. Rc2 Rh7 35. Kb2 Ka7 36. Qd4+ b6 37. Qc3 Rf7 38. b4 Qe4 39. a4 Kb7 40. a5 b5 41. Qc5 Rd7 42. Rc3 Qd5 43. Qe3 Qd2+ 44. Kb3 Qd1+ 0-1

[Event "Gligoric Cup 1st"]
[Site "Banja Koviljaca"]
[Date "2013.05.24"]
[Round "5.4"]
[White "Chelushkina, Irina"]
[Black "Martinovic, Slobodan"]
[Result "1/2-1/2"]
[WhiteElo "2260"]
[BlackElo "2425"]
[PlyCount "134"]
[EventDate "2013.05.20"]
[EventType "team-swiss"]
[EventRounds "7"]
[EventCountry "SRB"]
[SourceTitle "CBM 154 Extra"]
[Source "ChessBase"]
[SourceDate "2013.06.25"]
[SourceVersion "2"]
[SourceVersionDate "2013.06.25"]
[SourceQuality "1"]
[WhiteTeam "Belgrade BAS"]
[BlackTeam "Belgrade Crvena Zvezda"]
[WhiteTeamCountry "SRB"]
[BlackTeamCountry "SRB"]

1. g3 d5 2. Nf3 c6 3. Bg2 Nf6 4. 0-0 Bg4 5. d4 Nbd7 6. Ne5 Bf5 7. c4 e6 8. Nc3 Be7 9. Qb3 Qb6 10. Nxd7 Nxd7 11. e4 dxe4 12. Nxe4 0-0 13. Be3 Qxb3 14. axb3 a6 15. h3 Rad8 16. Rfd1 Bxe4 17. Bxe4 Nf6 18. Bc2 Rd7 19. g4 Rfd8 20. Kg2 Ne8 21. g5 g6 22. Rd2 e5 23. d5 cxd5 24. Bb6 Bxg5 25. Re2 Rc8 26. Rxe5 Bf6 27. Re2 dxc4 28. bxc4 Ng7 29. Ba4 Rd6 30. c5 Rd5 31. Kf1 Nf5 32. Rd1 Rxd1+ 33. Bxd1 Nd4 34. Rd2 Kf8 35. Bg4 Ra8 36. b4 h5 37. Bd1 Rc8 38. Ba4 Ke7 39. Rd3 Nc6 40. Kg2 Be5 41. Re3 Kf6 42. Rf3+ Kg7 43. Bb3 Bf6 44. Rd3 Re8 45. Rd7 Re7 46. Rd6 Be5 47. b5 axb5 48. Rd2 Bc7 49. Bd1 Bxb6 50. cxb6 Re6 51. Rd5 Re5 52. Rd7 Re7 53. Rd5 b4 54. Kg3 Kf8 55. Ba4 Re6 56. Rc5 Ne7 57. Rb5 Nc8 58. Rxb4 Rxb6 59. Rc4 Nd6 60. Rc7 Rb4 61. Bd7 Rc4 62. Rxc4 Nxc4 63. f4 Nd6 64. Ba4 b5 65. Bc2 Nf5+ 66. Kf2 Ke7 67. Ke2 Nd4+ 1/2-1/2

[Event "Gligoric Cup 1st"]
[Site "Banja Koviljaca"]
[Date "2013.05.20"]
[Round "1.7"]
[White "Azaric, Slavko"]
[Black "Martinovic, Slobodan"]
[Result "0-1"]
[WhiteElo "2318"]
[BlackElo "2425"]
[PlyCount "50"]
[EventDate "2013.05.20"]
[EventType "team-swiss"]
[EventRounds "7"]
[EventCountry "SRB"]
[SourceTitle "CBM 154 Extra"]
[Source "ChessBase"]
[SourceDate "2013.06.25"]
[SourceVersion "2"]
[SourceVersionDate "2013.06.25"]
[SourceQuality "1"]
[WhiteTeam "Banovci Dunav"]
[BlackTeam "Belgrade Crvena Zvezda"]
[WhiteTeamCountry "SRB"]
[BlackTeamCountry "SRB"]

1. e4 c5 2. Nf3 e6 3. d3 Nc6 4. g3 g6 5. Bg5 f6 6. Bd2 Nge7 7. Bg2 e5 8. Nc3 d6 9. Qc1 Bg7 10. Bh6 0-0 11. h4 Rf7 12. Bxg7 Kxg7 13. h5 g5 14. h6+ Kh8 15. Nd1 d5 16. Ne3 Be6 17. Bh3 Bxh3 18. Rxh3 c4 19. Rh1 cxd3 20. cxd3 Rc8 21. Qd2 Nd4 22. Nxd4 exd4 23. Nd1 Ng6 24. f3 Ne5 25. Rf1 Rfc7 0-1

[Event "CRO-chT2 East"]
[Site "Osijek"]
[Date "2013.04.20"]
[Round "1.51"]
[White "Dabo Peranic, Robert"]
[Black "Martinovic, Slobodan"]
[Result "1-0"]
[WhiteElo "2322"]
[BlackElo "2425"]
[PlyCount "77"]
[EventDate "2013.04.20"]
[EventType "team-tourn"]
[EventRounds "11"]
[EventCountry "CRO"]
[SourceTitle "EXT 2023"]
[Source "ChessBase"]
[SourceDate "2022.10.05"]
[SourceVersion "1"]
[SourceVersionDate "2022.10.05"]
[SourceQuality "1"]

1. e4 c5 2. Nf3 d6 3. d4 cxd4 4. Nxd4 Nf6 5. Nc3 Nc6 6. Bg5 e6 7. Qd2 a6 8. 0-0-0 Bd7 9. f4 b5 10. Bxf6 gxf6 11. Kb1 Qb6 12. Nxc6 Bxc6 13. f5 Qc5 14. Bd3 0-0-0 15. Rhf1 d5 16. exd5 exd5 17. Be2 Bd6 18. Bf3 Bxh2 19. Ne2 Be5 20. Nd4 Bb7 21. Rh1 b4 22. Rh4 a5 23. a3 bxa3 24. Nb3 Qb6 25. bxa3 Bc6 26. Qxa5 Kc7 27. Qxb6+ Kxb6 28. Rb4+ Kc7 29. Nd4 Bd7 30. Bxd5 Bxd4 31. Rdxd4 Bxf5 32. Rdc4+ Kd6 33. Bxf7 Rc8 34. Rd4+ Ke7 35. Rb7+ Kf8 36. Bb3 Bg6 37. Rd6 f5 38. Rf6+ Ke8 39. Ba4+ 1-0

[Event "Branicevo-ch"]
[Site "Pozarevac"]
[Date "2012.12.23"]
[Round "4"]
[White "Martinovic, Slobodan"]
[Black "Rajkovic, Dusan"]
[Result "0-1"]
[WhiteElo "2431"]
[BlackElo "2418"]
[PlyCount "73"]
[EventDate "2012.12.21"]
[EventType "swiss"]
[EventRounds "5"]
[EventCountry "SRB"]
[SourceTitle "CBM 152 Extra"]
[Source "ChessBase"]
[SourceDate "2013.02.25"]
[SourceVersion "1"]
[SourceVersionDate "2013.02.25"]
[SourceQuality "1"]

1. d4 Nf6 2. Nf3 e6 3. c4 b6 4. a3 Ba6 5. Nbd2 Bb7 6. e3 c5 7. Bd3 Be7 8. 0-0 cxd4 9. exd4 d5 10. b3 0-0 11. Qe2 Nc6 12. Bb2 Rc8 13. Rac1 dxc4 14. bxc4 Rc7 15. Rfd1 Re8 16. Nb3 Nb8 17. Ne5 Nbd7 18. f4 g6 19. Rf1 Bf8 20. Rce1 Bg7 21. Nd2 Nb8 22. Ndf3 Nc6 23. Qf2 Nh5 24. Nxc6 Bxc6 25. Ne5 Bb7 26. g4 Nf6 27. f5 exf5 28. gxf5 Nh5 29. Be4 Bxe4 30. Rxe4 f6 31. fxg6 fxe5 32. Qf5 Nf4 33. gxh7+ Kh8 34. d5 Qg5+ 35. Qxg5 Nh3+ 36. Kg2 Nxg5 37. Rg4 0-1

[Event "Branicevo-ch"]
[Site "Pozarevac"]
[Date "2012.12.23"]
[Round "5"]
[White "Stankovic, Dragan"]
[Black "Martinovic, Slobodan"]
[Result "1/2-1/2"]
[WhiteElo "2269"]
[BlackElo "2431"]
[PlyCount "20"]
[EventDate "2012.12.21"]
[EventType "swiss"]
[EventRounds "5"]
[EventCountry "SRB"]
[SourceTitle "CBM 152 Extra"]
[Source "ChessBase"]
[SourceDate "2013.02.25"]
[SourceVersion "1"]
[SourceVersionDate "2013.02.25"]
[SourceQuality "1"]

1. c4 c5 2. Nc3 Nf6 3. g3 g6 4. Bg2 Bg7 5. d3 0-0 6. Nf3 Nc6 7. 0-0 d6 8. a3 a5 9. Rb1 Bd7 10. Bd2 Rb8 1/2-1/2

[Event "Branicevo-ch"]
[Site "Pozarevac"]
[Date "2012.12.21"]
[Round "1"]
[White "Sorgic, Dragan"]
[Black "Martinovic, Slobodan"]
[Result "0-1"]
[WhiteElo "2227"]
[BlackElo "2431"]
[PlyCount "66"]
[EventDate "2012.12.21"]
[EventType "swiss"]
[EventRounds "5"]
[EventCountry "SRB"]
[SourceTitle "CBM 152 Extra"]
[Source "ChessBase"]
[SourceDate "2013.02.25"]
[SourceVersion "1"]
[SourceVersionDate "2013.02.25"]
[SourceQuality "1"]

1. Nf3 Nf6 2. c4 c5 3. Nc3 e6 4. e4 Nc6 5. d4 cxd4 6. Nxd4 Bb4 7. Nxc6 bxc6 8. Bd3 e5 9. 0-0 d6 10. Na4 Be6 11. a3 Ba5 12. b4 Bc7 13. h3 Nd7 14. Qc2 0-0 15. c5 dxc5 16. bxc5 Qh4 17. Re1 Nf6 18. Bf1 Rfd8 19. g3 Qh5 20. g4 Qg6 21. Bg2 h5 22. f3 Nd5 23. Rb1 Nf4 24. Rb7 Ba5 25. Bxf4 exf4 26. Nc3 Rd4 27. Rc1 hxg4 28. hxg4 Qg5 29. Qf2 Rc4 30. Ne2 Bd2 31. Rxc4 Bxc4 32. Kh2 Be3 33. Qe1 Bxe2 0-1

[Event "Zenica 16th"]
[Site "Zenica"]
[Date "2012.11.15"]
[Round "6"]
[White "Martinovic, Slobodan"]
[Black "Radlovacki, Jovan"]
[Result "1/2-1/2"]
[WhiteElo "2430"]
[BlackElo "2416"]
[PlyCount "25"]
[EventDate "2012.11.12"]
[EventType "tourn"]
[EventRounds "9"]
[EventCountry "BIH"]
[EventCategory "5"]
[SourceTitle "CBM 151 Extra"]
[Source "ChessBase"]
[SourceDate "2012.12.18"]
[SourceVersion "1"]
[SourceVersionDate "2012.12.18"]
[SourceQuality "1"]

1. e4 e6 2. d4 d5 3. Nd2 dxe4 4. Nxe4 Nd7 5. Nf3 Ngf6 6. Nxf6+ Nxf6 7. Bd3 c5 8. dxc5 Bxc5 9. 0-0 0-0 10. Bg5 Be7 11. Qe2 Re8 12. Rad1 Qc7 13. Ne5 1/2-1/2

[Event "Zenica 16th"]
[Site "Zenica"]
[Date "2012.11.14"]
[Round "4"]
[White "Martinovic, Slobodan"]
[Black "Terzic, Safet"]
[Result "1-0"]
[WhiteElo "2430"]
[BlackElo "2246"]
[PlyCount "82"]
[EventDate "2012.11.12"]
[EventType "tourn"]
[EventRounds "9"]
[EventCountry "BIH"]
[EventCategory "5"]
[SourceTitle "CBM 151 Extra"]
[Source "ChessBase"]
[SourceDate "2012.12.18"]
[SourceVersion "1"]
[SourceVersionDate "2012.12.18"]
[SourceQuality "1"]

1. d4 Nf6 2. Nf3 g6 3. c4 Bg7 4. Nc3 0-0 5. e4 d6 6. h3 Nbd7 7. Be3 e5 8. d5 Nc5 9. Nd2 a5 10. g4 b6 11. Be2 Ne8 12. h4 f5 13. g5 f4 14. Bxc5 dxc5 15. Bg4 Nd6 16. Qf3 a4 17. 0-0-0 a3 18. b3 Qe7 19. Bxc8 Raxc8 20. Rdg1 Rb8 21. h5 Rf7 22. hxg6 hxg6 23. Rh3 b5 24. Nxb5 Nxb5 25. cxb5 c4 26. Nxc4 Qc5 27. Rd1 Rxb5 28. Rd2 Rb4 29. Qd3 Bf8 30. Rh4 f3 31. Rc2 Be7 32. Nxe5 Bxg5+ 33. Kb1 Qd4 34. Qxd4 Rxd4 35. Rh1 Rf4 36. Rg1 Bd8 37. Rxg6+ Kf8 38. Rc3 Rdxe4 39. Rxf3 Ke8 40. Rxf4 Rxf4 41. Nd3 Rf5 1-0